A turizmus terei. Térértelmezési lehetőségek a pécsváradi vár, mint attrakció példáján Tourism spaces. Possibilities of spatial interpretation using the example of the castle of Pécsvárad as an attraction
| Szerző: | |
|---|---|
| Dokumentumtípus: | Könyv része |
| Megjelent: |
Budapesti Gazdaságtudományi Egyetem
Budapest
2025
|
| Sorozat: | Szemelvények a BGE kutatásaiból 2024
|
| Tárgyszavak: | |
| doi: | 10.29180/978-615-6886-21-7_8 |
| Kulcsszavak: | turisztikai térértelmezés metaterek kulturális örökség vár spatial interpretation in tourism meta spaces cultural heritage castle |
| Online Access: | http://publikaciotar.uni-bge.hu/2571 |
MARC
| LEADER | 00000naa a2200000 i 4500 | ||
|---|---|---|---|
| 001 | publ2571 | ||
| 005 | 20251125124730.0 | ||
| 008 | 251125s2025 hu o 000 zxx d | ||
| 020 | |a 978-615-6886-21-7 | ||
| 024 | |a 10.29180/978-615-6886-21-7_8 |2 doi | ||
| 040 | |a BGE Publikációtár Repozitórium |b hun | ||
| 100 | 1 | |a Gászné Bősz Bernadett | |
| 245 | 1 | 2 | |a A turizmus terei. Térértelmezési lehetőségek a pécsváradi vár, mint attrakció példáján |b Tourism spaces. Possibilities of spatial interpretation using the example of the castle of Pécsvárad as an attraction |c Gászné Bősz Bernadett |h [elektronikus dokumentum] |
| 260 | |a Budapesti Gazdaságtudományi Egyetem |b Budapest |c 2025 | ||
| 300 | |a 73-82 | ||
| 490 | 0 | |a Szemelvények a BGE kutatásaiból 2024 | |
| 520 | 3 | |a A turizmus mobilitási, térváltoztatással járó folyamat; akadémiai megközelítésben a földtudományokhoz és a gazdaságtudományokhoz egyaránt sorolható jelenség, ágazat. Az utazás során a turizmus kínálati alrendszere által átalakított, létrehozott, újraértelmezett terek a keresleti alrendszer alanya, a látogató észlelése által szintén átalakulnak, létrejönnek, újraértelmeződnek. A tér értelmezési megközelítésének tengernyi szakirodalmából a turizmuskutatásban meghatározó élmény-elméletek és a turisztikai miliő földrajzi megközelítése alapján elindulva elkerülhetetlen a metatér-értelmezések alapján történő válogatás a turizmus tereinek jelentésrétegei kapcsán. Vizsgálatunk célja a turisztikai térértelmezés releváns megközelítéseinek feltárása egy speciális termék, a kulturális örökségturizmus kapcsán. Mintaterületünk a működő egyházi térrel rendelkező, múzeumi, rendezvénytér-, szálláshely- és vendéglátás-funkciókkal bíró pécsváradi vár, honlapja alapján „Élményvár”. Empirikus kutatási módszerünk a terepszemle, a megfigyelés és a látogatói megkérdezés (n=212) volt. Adatfelvételünk 2023 őszén és 2024 tavaszán zajlott. Kutatási eredményeink alátámasztják az kulturális turizmus és a múzeum megújult definíciói alapján a szellemi örökségek felértékelődésének és a látogatók bevonásának, az együtt-alkotásnak a fontosságát a térhasználat és -értelmezés vonatkozásában. Eredményeink gyakorlati alkalmazása segítheti az örökséghasznosítás hatékony térkezelését és térinterpretációját, különös tekintettel a várturizmusra. | |
| 650 | 4 | |a társadalomtudományok | |
| 695 | |a turisztikai térértelmezés | ||
| 695 | |a metaterek | ||
| 695 | |a kulturális örökség | ||
| 695 | |a vár | ||
| 695 | |a spatial interpretation in tourism | ||
| 695 | |a meta spaces | ||
| 695 | |a cultural heritage | ||
| 695 | |a castle | ||
| 856 | 4 | 0 | |u https://publikaciotar.uni-bge.hu/id/eprint/2571/1/BGE%20Szemelv%C3%A9nyek%202024%20III.%20k%C3%B6tet_8.pdf |z Dokumentum-elérés |